|
|
|
|
| LEADER |
00827nam a2200241 i 4500 |
| 001 |
c000065102 |
| 003 |
CARM |
| 005 |
00000000000000.0 |
| 008 |
801208s1981 nyua 00010 eng |
| 019 |
1 |
|
|a 1868658
|5 LACONCORD2021
|
| 020 |
|
|
|a 0393014304
|
| 035 |
|
|
|a (OCoLC)7175879
|5 LACONCORD2021
|
| 040 |
|
|
|d VERC
|
| 050 |
0 |
0 |
|a AC8
|b .C674 1981
|
| 100 |
1 |
|
|a Cousins, Norman.
|
| 245 |
1 |
0 |
|a Human options /
|c Norman Cousins.
|
| 260 |
|
|
|a New York :
|b W.W.Norton,
|c c1981.
|
| 300 |
|
|
|a 224 p. :
|b ill. ;
|c 24 cm.
|
| 650 |
|
0 |
|a Journalists
|z United States
|x Biography.
|
| 852 |
8 |
|
|b CARM
|h A2:AE17F0
|i C00244
|p 0013839
|f BK
|
| 082 |
0 |
4 |
|a 070.4/1
|a B
|2 19
|
| 999 |
f |
f |
|i 981e62a2-47e8-5e9c-93bb-16ba9d7350c8
|s 9f2c67f0-1b17-56ce-87e1-0bbdac073f9a
|
| 952 |
f |
f |
|p Can circulate
|a CAVAL
|b CAVAL
|c CAVAL
|d CARM 1 Store
|e C00244
|f A2:AE17F0
|h Other scheme
|i book
|m 0013839
|